| 000 | 00439nam a2200145Ia 4500 | ||
|---|---|---|---|
| 008 | 231129s2002||||xx |||||||||||||| ||spa|| | ||
| 020 | _a958-8156-23-8 | ||
| 040 | _bspa | ||
| 082 | _aR 728.3 C334c | ||
| 100 | _aCorrea Muñoz Fernando | ||
| 245 | 0 | _aCasa Colombiana: Arquitectura paisajismo diseño interior | |
| 260 | _c2002 | ||
| 264 | _aBogotá Colombia : Villegas Editores | ||
| 942 |
_2ddc _cBKS |
||
| 999 |
_c6749 _d6749 |
||